Policing : (Record no. 36580)

MARC details
000 -LEADER
fixed length control field 00796nam a22002177a 4500
005 - DATE AND TIME OF LATEST TRANSACTION
control field 20100604121619.0
008 - FIXED-LENGTH DATA ELEMENTS--GENERAL INFORMATION
fixed length control field 100604t xxu||||| |||| 00| 0 eng d
010 ## - LCCN (DPL NO)
LC control number ENG-96310
020 ## - INTERNATIONAL STANDARD BOOK NUMBER
International Standard Book Number 9788178299440
Terms of availability 395.00
035 ## - SYSTEM CONTROL NUMBER
System control number EN-79843
037 ## - SOURCE OF ACQUISITION
Source of stock number/acquisition DBAD/PUB
040 ## - CATALOGING SOURCE
Original cataloging agency DPL
Language of cataloging Eng
100 ## - MAIN ENTRY--PERSONAL NAME
Personal name Choudhary, Rohit
245 ## - TITLE STATEMENT
Title Policing :
Remainder of title reinvention strategies in a marketing framework /
Statement of responsibility, etc by Rohit Choudhary
260 ## - PUBLICATION, DISTRIBUTION, ETC. (IMPRINT)
Place of publication, distribution, etc New Delhi
Name of publisher, distributor, etc SAGE Publications
Date of publication, distribution, etc 2009
270 ## - ADDRESS
Address B1/1-1 Mohan Cooperative Industrial Area Mathura Road,
City New Delhi
Postal code 110044
300 ## - PHYSICAL DESCRIPTION
Extent xx, 306p.
Dimensions 22 cm. (Pbk)
500 ## - GENERAL NOTE
General note includes bibliographical references
942 ## - ADDED ENTRY ELEMENTS (KOHA)
Source of classification or shelving scheme Dewey Decimal Classification
Item type English Books
Call number suffix CHO
Holdings
Withdrawn status Lost status Source of classification or shelving scheme Damaged status Not for loan Collection code Home library Current library Date acquired Source of acquisition Cost, normal purchase price Total Checkouts Full call number Barcode Date last seen Copy number Cost, replacement price Koha item type
    Dewey Decimal Classification   Not For Loan Non-fiction D.B.Act.Division D.B.Act.Division 12/05/2010 DBAD/PUB 395.00   CHO EN-79843 04/06/2010 1 395.00 English Books

© Delhi Public Library
Hit Counter
free hit counter